00488nam a2200193Ia 4500008004100000020001800041050001600059100002300075245002100098245006000119260001200179260001500191260000900206300001400215300002800229300001000257300002100267440000600288170918s9999 xx 000 0 und d a9781597070539 bD622bo 2007 aDixon, Franklin W. aBoard to death / cseries by Franklin W. Dixon ; written by Scott Lobdell. aChina : bPapercutz, c2007 aunpaged : bcolored illustrations ; c19cm. eThe hardy boys ; a8